000 00541nam a2200181 a 4500
005 20231118063628.0
008 991125s1970 fr 000 0 fre u
035 _aUPN01000000688
049 _aCG
050 4 _aLB1585
_bS7.2
100 1 _aStevens, R. A.
245 1 4 _aLes activités scientifiques extrascolaires poour jeunes gens /
_cpar R. A. Stevens.
260 _aParís :
_bUNESCO,
_c1970.
300 _a139 p.
650 7 _aActividades científicas
_2
_9136
650 4 _aCiencia
_xEstudio y enseñanza (Elemental)
_97402
905 _aLibro
999 _c688
_d688